BIBLIOTHÈQUE DE LA MAISON DU MEXIQUE

Logo 1 Logo 2

Sylvanus G. Morley y el mundo de los antiguos mayas (notice nᵒ 11188)

détails MARC
000 -Sello discográfico
campo de control de longitud fija 01111nam a2200385 4500
005 - Identificación de versión
campo de control 20251017062850.0
035 ## - Otros números de control del sistema
Número de control del sistema 11683
099 ## - fechas locales
Tipo de ítem Koha LIBRO
100 ## - Datos de procesamiento general
Datos de procesamiento general 20040426d1973 m y1spay5003 ba
101 1# - Idioma del recurso
Idioma del texto, banda sonora, etc. Español; Castellano
Idioma de la obra original Inglés
105 ## - Campo de datos codificados: Material textual, monográfico
Datos codificados de monografía a 001zy
200 1# - Título y mención de responsabilidad
Título propio Sylvanus G. Morley y el mundo de los antiguos mayas
Designación general del material texto impreso
Primer mención de responsabilidad Robert L. Brunhouse
Declaración de responsabilidad subsiguiente traducción de Carlos Gerhard
210 ## - Publicación, distribución, etc.
Lugar de publicación, distribución, etc. México
Nombre del editor, distribuidor, etc. Editores Asociados
Fecha de publicación, distribución, etc. 1973
215 ## - Descripción física
Designación de material específico y extensión del ítem 374 p
Otras características físicas il.
Dimensiones 23 cm
318 ## - Nota de acción
Acción No se presta a domicilio
345 ## - Nota de información de adquisición
Fuente de adquisición/dirección de la suscripción [OBSOLETO] Donación
454 #1 - Traducción de
Título Sylvanus G. Morley and the world of the ancient mayas
600 ## - Nombre personal usado como materia
Elemento de entrada Morley
Parte del nombre distinta del elemento de entrada Sylvanus Griswold
Fechas 1883-1948
Número Koha 2362
606 ## - Término temático usado como materia
Elemento de entrada Mayas
Subdivisión temática Antigüedades
Número Koha 940
660 ## - Código de área geográfica
Código MX
676 ## - Clasificación Decimal Dewey
Número R913.013 M864s
700 ## - Nombre personal - Responsabilidad primaria
Elemento de entrada Brunhouse
Parte del nombre distinta del elemento de entrada Robert Levere
Fechas 1908-1996
Número Koha 11198
702 ## - Nombre personal - Responsabilidad secundaria
Elemento de entrada Gerhard
Parte del nombre distinta del elemento de entrada Carlos
Fechas 1899-1976
Número Koha 9574
801 #0 - Fuente de origen
Agencia cm
900 ## -
-- 1/7193
900 ## -
-- 7100418957\260404
942 ## - ELEMENTOS DE ENTRADA SECUNDARIOS (KOHA)
Tipo de ítem Koha Livre

Pas d'exemplaire disponible.